000
00214 a2200097 4500
001
46323
100
_a
Lamb, G
245
_a
Tales of Human Endeavor
260
_a
London
_b
George G Harrap
_c
090
_c
29442
_d
29442
942
_a
NUST-CAE
_c
M
_c
21605
999
_c
281396
_d
281396